| 000 -LEADER |
| fixed length control field |
00734nam a22001337a 4500 |
| 040 ## - CATALOGING SOURCE |
| Transcribing agency |
RUA |
| 082 ## - DEWEY DECIMAL CLASSIFICATION NUMBER |
| Classification number |
AVM CHH 2006 B076 Or.1 |
| 100 ## - MAIN ENTRY--AUTHOR NAME |
| Personal name |
CHHIN, SOTHEARITH. |
| 245 ## - TITLE STATEMENT |
| Title |
The effect of EM (effective-mocroorganicism) supplementation in to drinking water with using hi-gro feed on growth rate of broiler chicken (avian), ឥទ្ធពលនៃការបន្ថែមEMក្នុងទឹកមាន់ផឹកទៅលើការលូតលាស់របសមមាន់សាច់ពូជAvian ដោយប្រ់ចំណី Hi-Gro |
| 260 ## - PUBLICATION, DISTRIBUTION, ETC. (IMPRINT) |
| Place of publication |
Phnom Penh |
| Name of publisher |
RUA |
| Year of publication |
2006 |
| 300 ## - PHYSICAL DESCRIPTION |
| Number of Pages |
44p. |
| Other physical details |
ill. |
| Dimensions |
29cm. |
| 856 ## - ELECTRONIC LOCATION AND ACCESS |
| Uniform Resource Identifier |
https://drive.google.com/file/d/1JisMQMctFGlnUQID2dXDkOI7iWsJcr0-/view?usp=sharing |
| 942 ## - ADDED ENTRY ELEMENTS (KOHA) |
| Koha item type |
AVM |
| 952 ## - LOCATION AND ITEM INFORMATION (KOHA) |
| Withdrawn status [LOCAL, KOHA] |
0 |
| 952 ## - LOCATION AND ITEM INFORMATION (KOHA) |
| Withdrawn status [LOCAL, KOHA] |
0 |
| 952 ## - LOCATION AND ITEM INFORMATION (KOHA) |
| Withdrawn status [LOCAL, KOHA] |
0 |